| 000 | 01186nam a22002897a 4500 | ||
|---|---|---|---|
| 005 | 20121112114056.0 | ||
| 008 | 101019t xxu||||| |||| 00| 0 hin d | ||
| 010 | _aHIN-97955 | ||
| 020 |
_c100.00 _a9788177144116 |
||
| 035 | _aHN-70301 | ||
| 037 | _bDBAD / PUB | ||
| 040 |
_aDPL _bHN |
||
| 082 | _aक | ||
| 100 | _923632 | ||
| 245 |
_aटी.एस. एलियट की तीन उत्कृष्ट कविताएँ / _cअरूण शर्मा द्वारा अनुवादित |
||
| 260 |
_aनई दिल्ली _bप्रकाशन संस्थान _c2011 |
||
| 270 |
_bनई दिल्ली _a4268-बी/3अंसारी रोड़ दरियागंज _e110002 |
||
| 300 | 1 |
_a72पृ. _c21सेमी (सजिल्द) |
|
| 650 | _9657 | ||
| 650 | _9698 | ||
| 700 |
_948760 _aशर्मा,अरूण |
||
| 700 |
_953579 _aमाथुर,सुरेशचंद्र |
||
| 710 | _934811 | ||
| 710 | _935049 | ||
| 942 |
_2ddc _cHN _mटीएस _hक |
||
| 999 |
_c72668 _d72668 |
||